Регионална библиотека "Любен Каравелов" - Русе

Човекът сянка (Запис номер 331323)

MARC детайли
000 -Лидер
Контролно поле с фиксирана дължина 01104nam a2200301 a 4500
003 - Код на организацията, давaща контролен номер
Контролно поле BLK
005 - Дата и час на последна редакция
Контролно поле 20250704103440.0
008 - Елементи от данни с фиксирана дължина
fixed length control field 180411b bul|||||r ||||||| ||bul||
010 ## - Наследен системен номер
LC control number KNG00217113000
020 ## - Международен стандартен номер на книга ISBN
Международен стандартен номер на книга ISBN 978-954-28-2362-9
040 ## - Източник на каталожния запис
Идентификатор на билиотеката - собственик на записа BLK
041 ## - Код за език
Код за езика на текст/звукозапис или на отделно заглавие Български
Код за езика КДБФ Български
080 ## - УДК
Текстов определител УДК Американска литература (на САЩ)
УДК код - определител по УДК 821.111(73)
УДК определител -312.4
УДК - код + определител 821.111(73)-312.4
100 1# - Редна дума - Автор
Автор Макфейдън, Коуди
Авторска отговорност първи автор
R(LIN) 91489
139 ## - Редно поле
Редна дума Макфейдън, Коуди
Авторски знак Мак - М 19
245 10 - Сведения за заглавието
Заглавие Човекът сянка
Редно поле (дума) Коуди Макфейдън ; прев. от англ. Коста Сивов.
Подзаглавни данни Роман
257 ## - Страна на издаване
Страна на създаване/издаване Съединени американски щати
260 ## - Област на издателските данни
Година на издаване 2017
9 (RLIN) 217021
Място на издаване, разпространение и проч. София
Име на издателя, разпространителя и проч. Сиела Норма
Печатница София : Алианс принт
300 ## - Физическа характеристика
Страници 446 с.
Размери/Мащаб 21 см
380 ## - Жанр
Жанр Худож. лит.
659 #7 - Тематичен бюлетин
9 (RLIN) 178160
Тематичен бюлетин Н
Тематичен бюлетин - текст Нови книги
700 ## - Други автори (авторска отговорност)
Лично име Сивов, Коста Атанасов
9 (RLIN) 383724
852 ## - Местоположение
Фондова буква Заемна - подръчен фонд
Систематично-азбучна сигнатура П 820(73)-31/М 19
856 4# - Електронен адрес и достъп
Електронен формат pdf - файл
856 4# - Електронен адрес и достъп
Електронен формат pdf - файл
999 ## - СИСТЕМНИ КОНТРОЛНИ НОМЕРА
Koha biblionumber 331323
Koha biblioitemnumber 331323
942 ## - АРТИКУЛИ
Вид на библиотечния материал Книги
Скрит в OPAC Не
Koha issues (borrowed), all copies 75
944 ## - СЪЗДАВАНЕ И РЕДАКЦИЯ на ЗАПИСА
Създаване/Редакция Редакция
Дата на регистрацията/редакция 20.03.2018
Служител, извършил регистрацията/редакцията 30576
Статус, дата на статуса Цветомила Тодорова
Наличности
Код за отписване Код за изгубен артикул Източник на класификационната схема Код за повреда Код за отдаване Артикулен № Име на библиотеката - собственик Име на библиотеката, в която се намира в момента Статус (Текущо местоположение) Дата на вписване в системата Местоположение - отдел Цена в лева Систематично азбучна сигнатура Баркод Цена в евро Служебен тип на артикула
  Не е изгубен Universal Decimal Classification Не е повреден заемане за дома 721403 Регионална библиотека "Любен Каравелов" Русе Регионална библиотека "Любен Каравелов" Русе Заемна - подръчен фонд 2019-06-11 Заемна - подръчен фонд 8.44 П 820(73)-31/М 19 120000832300 4.32 Книги
Vip Innovations Ltd, Rousse, Bulgaria 2025